Κύπριοι λογοτέχνες που έζησαν στην Ελλάδα : πρακτικά συμποσίου (Αγία Νάπα, 27-28 Απριλίου 1995)
Saved in:
| Corporate Author: | |
|---|---|
| Other Authors: | |
| Format: | Book |
| Language: | Greek |
| Published: |
Λευκωσία :
Πολιτιστικές Υπηρεσίες Υπουργείου Παιδείας και Πολιτισμού,
1999
|
| Subjects: | |
| Tags: |
Add Tag
No Tags, Be the first to tag this record!
|
MARC
| LEADER | 00000cam a2200000 i 4500 | ||
|---|---|---|---|
| 001 | 1/16623 | ||
| 008 | 111121s1999 gre d | ||
| 020 | |a 9963-0-0067-3 | ||
| 035 | |l 10111420 | ||
| 040 | |a GR-MY-UA |b gre |e aacr | ||
| 041 | 0 | |a gre | |
| 082 | 0 | |a 889.01 |2 (22) | |
| 245 | 1 | 0 | |a Κύπριοι λογοτέχνες που έζησαν στην Ελλάδα : |b πρακτικά συμποσίου (Αγία Νάπα, 27-28 Απριλίου 1995) / |c επιμέλεια έκδοσης Γιώργος Μολέσκης |
| 260 | |a Λευκωσία : |b Πολιτιστικές Υπηρεσίες Υπουργείου Παιδείας και Πολιτισμού, |c 1999 | ||
| 300 | |a 259 σ.; |c 25 εκ. | ||
| 650 | 0 | 0 | |a Greek literature, Modern |y 19th century |x History and criticism |x Congresses. |
| 650 | 0 | 0 | |a Greek literature, Modern |y 20th century |x History and criticism |x Congresses. |
| 650 | 0 | 0 | |a Greek literature, Modern |z Cyprus |x History and critisism |x Congresses. |
| 700 | 1 | |a Μολέσκης, Γιώργος, |d 1946- |4 edt | |
| 710 | 2 | |a Υπουργείο Πααιδείας και Πολιτισμού |b Πολιτιστικές Υπηρεσίες. | |
| 852 | |a INST |b RHODES |e 20111121 |h 889.01 ΚΥΠ |p 005400033834 |q 005400033834 |t BK |y 0 | ||
| 901 | |a BIBL4-2011-3 | ||
| 909 | |a Ρ |b 170466 | ||
| 922 | |a 4ΕΛΗ | ||
| 970 | |z 2011/05/ | ||